| 000 | 00905cam a22002655a 4500 | ||
|---|---|---|---|
| 001 | 15718642 | ||
| 005 | 20150608140844.0 | ||
| 008 | 090429t2009 njua frb 001 0 eng d | ||
| 020 | _a9780123738653 (hbk.) | ||
| 020 | _a0123738652 (hbk.) | ||
| 040 |
_aUKM _beng _cUKM _dYDXCP _dBWX _dCDX _dDLC _dEG-ScBUE |
||
| 082 | 0 | 4 |
_a621.3692 _222 _bHUI |
| 100 | 1 |
_aHui, Rongqing. _938112 |
|
| 245 | 1 | 0 |
_aFiber optic measurement techniques / _cRongqing Hui, Maurice O'Sullivan. |
| 260 |
_aBurlington ; _aCalifornia ; _aLondon : _bAcademic Press / Elsevier, _cc.2009. |
||
| 300 |
_axvii, 652 p. : _bill. ; _c24 cm. |
||
| 500 | _aIndex : p. 631-652. | ||
| 504 | _aIncludes bibliographical references. | ||
| 650 | 0 |
_aFiber optics _xMeasurement. _2BUEsh |
|
| 651 | _2BUEsh | ||
| 653 |
_bENGGEN _cMay2015 |
||
| 655 |
_vreading book _934232 |
||
| 700 | 1 |
_aO'Sullivan, Maurice S. _q(Maurice Stephen), _d1956- |
|
| 942 | _2ddc | ||
| 999 |
_c19479 _d19451 |
||